Statistics for Countries Most Similar To Chile

Click here to take the quiz!

General Stats

  • This quiz has been taken 51 times
  • The average score is 15 of 20

Answer Stats

RankCountryScore% Correct
7Brazil72.2
98%
1Argentina79.5
95%
3Colombia75.2
91%
4Peru74.5
91%
2Uruguay77.0
91%
6Mexico73.3
89%
8Venezuela71.2
89%
5Ecuador74.4
86%
13Paraguay69.8
86%
10Panama70.2
84%
8Costa Rica71.2
82%
11Spain69.9
82%
11Bolivia69.9
80%
20Honduras66.2
75%
14Portugal69.1
70%
18Italy67.2
68%
17France67.3
66%
15Dominican Republic67.8
55%
16El Salvador67.4
55%
19Poland66.4
11%

Score Distribution

Percentile by Number Answered

Percent of People with Each Score

Your Score History

You have not taken this quiz